Who directed these films? - Statistics

General Stats
  • This quiz has been taken 223 times
  • The average score is 22 of 43
Answer Stats
Hint Answer % Correct
Avatar, Titanic, The Terminator James Cameron
95%
Jurassic Park, Schindler's List, Saving Private Ryan Steven Spielberg
95%
Star Wars (Episode IV, Episode I, Episode III) George Lucas
93%
Pulp Fiction, Inglorious Basterds, Django Unchained Quentin Tarantino
92%
The Dark Knight, Inception, Interstellar Christopher Nolan
90%
The Lord of the Rings(The Fellowship of the Ring, The Return of the King, The Two Towers) Peter Jackson
85%
Psycho, Rebecca, Vertigo Alfred Hitchcock
84%
The Godfather, The Godfather Part II, Apocalypse Now Francis Ford Coppola
83%
2001: A Space Odyssey, A Clockwork Orange, The Shining Stanley Kubrick
82%
The Departed, The Wolf of Wall Street, Taxi Driver Martin Scorsese
81%
Braveheart, The Passion of the Christ, Apocalypto Mel Gibson
78%
Gladiator, Alien, Blade Runner Ridley Scott
78%
The Great Dictator, City Lights, Modern Times Charlie Chaplin
73%
Alice in Wonderland, Batman, Charlie and the Chocolate Factory Tim Burton
66%
Forrest Gump, Back to the Future, Cast Away Robert Zemeckis
65%
Fight Club, The Social Network, Seven David Fincher
62%
Harry Potter (Philosopher's Stone, Chamber of Secrets), Home Alone Chris Columbus
51%
Spirited Away, My Neighbor Totoro, Princess Mononoke Hayao Miyazaki
51%
Transformers (original, Revenge of the Fallen, Dark of the Moon) Michael Bay
51%
Skyfall, American Beauty, Spectre Sam Mendes
51%
Blade Runner 2049, Arrival, Dune Denis Villeneuve
49%
Iron Man, Iron Man 2, The Jungle Book Jon Favreau
48%
Spider-Man, Spider-Man 3, Spider-Man 2 Sam Raimi
48%
The Revenant, Birdman, Babel Alexandru G. Iñárritu
47%
Avengers (Endgame, Infinity War), Captain America: Civil War Russo Brothers
45%
Lawrence of Arabia, The Bridge on the River Kwai, Doctor Zhivago David Lean
44%
A Beautiful Mind, The Da Vinci Code, Angels and Demons Ron Howard
44%
300, Man of Steel, Batman v Superman Zack Snyder
44%
Black Swan, Noah, Requiem for a Dream Darren Aronofsky
42%
Léon, Lucy, The Fifth Element Luc Besson
38%
X-Men, X2, Bohemian Rhapsody Bryan Singer
29%
Pirates of the Caribbean (The Curse of the Black Pearl, Dead Man's Chest, At World's End) Gore Verbinski
27%
2012, The Day After Tomorrow, Independence Day Roland Emmerich
26%
Harry Potter (Order of the Phoenix, Half-Blood Prince, Deathly Hallows) David Yates
25%
Saw, Furious 7, The Conjuring James Wan
22%
Spider-Man (Homecoming, No Way Home, Far From Home) Jon Watts
20%
Toy Story, Toy Story 2, Cars 2 John Lasseter
19%
Captain America: The First Avenger, Jumanji, Jurassic Park III Joe Johnston
13%
The Little Mermaid, Aladdin, The Princess and the Frog Musker & Clements
9%
Dr. No, From Russia With Love, Thunderball Terence Young
8%
The Rescuers, The Jungle Book, The Aristocats Wolfgang Reitherman
5%
Beauty and the Beast, The Hunchback of Notre Dame, Atlantis Trousdale & Wise
4%
Lady and the Tramp, Cinderella, Alice in Wonderland Geronimi, Jackson & Luske
3%
No matching quizzes found
Score Distribution
Percent of People with Each Score
Percentile by Number Answered
Your Score History
You have not taken this quiz